Study of phenol degradation pathway during electromediated mineralization; Petroleum and Coal; Vol. 58, iss. 5
| Parent link: | Petroleum and Coal Vol. 58, iss. 5.— 2016.— [P. 573-577] |
|---|---|
| Tác giả chính: | |
| Tác giả của công ty: | |
| Tác giả khác: | , |
| Tóm tắt: | Title screen A new process of electromediated oxidative degradation of phenol and its main intermediate - hydroquinone has been studied. The oxidizers complex has been generated by passing direct current through sulfuric acid solutions containing phenols. To qualitative and quantitative analysis of reaction intermediates a gas chromatography and UV spectroscopy have been used. These analyses have shown total mineralization of toxic products of phenol and hydroquinone and the decay rate constants have maximum values at current density 0.6 A/cm2 . Moreover, the values of pseudo first-order rate constants are comparable to rate constants for non-thermal plasma treatment. According to UVspectroscopy, the main intermediate of phenol oxidation is p-benzoquinone, which has not been identified by GC/MS. In any case, the both phenol and hydroquinone have been successively degraded to carbon dioxide and water at these conditions. Свободный доступ из сети Интернет |
| Ngôn ngữ: | Tiếng Anh |
| Được phát hành: |
2016
|
| Những chủ đề: | |
| Truy cập trực tuyến: | http://www.vurup.sk/wp-content/uploads/dlm_uploads/2017/07/pc_6_2016_zagnieva_490.pdf |
| Định dạng: | MixedMaterials Điện tử Chương của sách |
| KOHA link: | https://koha.lib.tpu.ru/cgi-bin/koha/opac-detail.pl?biblionumber=653681 |
MARC
| LEADER | 00000naa0a2200000 4500 | ||
|---|---|---|---|
| 001 | 653681 | ||
| 005 | 20250227163025.0 | ||
| 035 | |a (RuTPU)RU\TPU\network\19175 | ||
| 035 | |a RU\TPU\network\19088 | ||
| 090 | |a 653681 | ||
| 100 | |a 20170322d2016 k||y0rusy50 ba | ||
| 101 | 0 | |a eng | |
| 102 | |a SK | ||
| 135 | |a drcn ---uucaa | ||
| 181 | 0 | |a i | |
| 182 | 0 | |a b | |
| 200 | 1 | |a Study of phenol degradation pathway during electromediated mineralization |f E. V. Zangieva, M. K. Zamanova, O. S. Kukurina | |
| 203 | |a Text |c electronic | ||
| 300 | |a Title screen | ||
| 320 | |a [References: p. 576-577 (20 tit.)] | ||
| 330 | |a A new process of electromediated oxidative degradation of phenol and its main intermediate - hydroquinone has been studied. The oxidizers complex has been generated by passing direct current through sulfuric acid solutions containing phenols. To qualitative and quantitative analysis of reaction intermediates a gas chromatography and UV spectroscopy have been used. These analyses have shown total mineralization of toxic products of phenol and hydroquinone and the decay rate constants have maximum values at current density 0.6 A/cm2 . Moreover, the values of pseudo first-order rate constants are comparable to rate constants for non-thermal plasma treatment. According to UVspectroscopy, the main intermediate of phenol oxidation is p-benzoquinone, which has not been identified by GC/MS. In any case, the both phenol and hydroquinone have been successively degraded to carbon dioxide and water at these conditions. | ||
| 333 | |a Свободный доступ из сети Интернет | ||
| 461 | |t Petroleum and Coal | ||
| 463 | |t Vol. 58, iss. 5 |v [P. 573-577] |d 2016 | ||
| 610 | 1 | |a электронный ресурс | |
| 610 | 1 | |a труды учёных ТПУ | |
| 610 | 1 | |a phenol | |
| 610 | 1 | |a kinetics | |
| 610 | 1 | |a фенолы | |
| 610 | 1 | |a гидрохинон | |
| 610 | 1 | |a окисление | |
| 610 | 1 | |a кинетика | |
| 700 | 1 | |a Zangieva |b E. V. |g Ekaterina Valentinovna | |
| 701 | 1 | |a Zamanova |b M. K. |c Chemical Engineer |c engineer of Tomsk Polytechnic University |f 1983- |g Margarita Karimovna |3 (RuTPU)RU\TPU\pers\33834 | |
| 701 | 1 | |a Kukurina |b O. S. |c chemist |c Associate Professor of Tomsk Polytechnic University, Candidate of chemical sciences |f 1975- |g Olga Sergeevna |3 (RuTPU)RU\TPU\pers\31279 |9 15457 | |
| 712 | 0 | 2 | |a Национальный исследовательский Томский политехнический университет (ТПУ) |b Институт природных ресурсов (ИПР) |b Кафедра технологии органических веществ и полимерных материалов (ТОВПМ) |3 (RuTPU)RU\TPU\col\18659 |
| 801 | 2 | |a RU |b 63413507 |c 20200217 |g RCR | |
| 856 | 4 | |u http://www.vurup.sk/wp-content/uploads/dlm_uploads/2017/07/pc_6_2016_zagnieva_490.pdf | |
| 942 | |c CF | ||